Grammar - past tense - Statistics

General Stats
  • This quiz has been taken 615 times
  • The average score is 11 of 11
Answer Stats
Hint Answer % Correct
I _____ in Djibouti for three years and I like it so far. (lived/am living/have lived/had lived) have lived
99%
Tom _____ a purple tuxedo to the wedding yesterday. (wore/was wearing/has worn) wore
99%
The thieves _____ fifteen diamonds since April. (stole/were stealing/have stolen/had been stealing) have stolen
98%
My sister ______ me to jet-ski two years ago. (has taught/taught/was teaching) taught
98%
I'm sorry I couldn't come to the phone. I _____ a bath when you rang. (took/have taken/was taking) was taking
98%
Wow! I just learned that Arabic _____ from left to right! (written/is written/was written) is written
97%
Why didn't you call me? I _____ you move your piano! (could helped/could had helped/could have helped) could have helped
96%
Police: Where were you last night at 10pm? You: I _____ my dog. (walked/was walking/had walked) was walking
94%
I'm starving! I _____ since yesterday morning! (haven't eaten/didn't ate/didn't eat) haven't eaten
92%
How long _____ for Microsoft? Do you like your job? (you've been working/did you work/have you been working/had you worked) have you been working
92%
My grandma _____ in a small village in eastern Albania. (born/was born/has been born) was born
92%
No matching quizzes found
Score Distribution
Percent of People with Each Score
Percentile by Number Answered
Your Score History
You have not taken this quiz